[Event "Nordic Girls CC 2025 U13"]
[Site "Fredericia"]
[Date "2025.04.27"]
[Round "4.1"]
[White "Jacobsen, Ane Elisabeth"]
[Black "Xin, Lisa J"]
[Result "0-1"]
[WhiteElo "1544"]
[BlackElo "1562"]
[EventDate "2025.04.25"]
[EventType "swiss"]
[EventRounds "5"]
[EventCountry "DEN"]
[SourceTitle "Live v. Kasper Jerwiarz"]

1. c4 c6 2. g3 e6 3. Bg2 d5 4. b3 Nf6 5. Nf3 Nbd7 6. O-O Be7 7. Bb2 O-O 8. d3 b6 9. Nbd2 Bb7 10. Qc2 Rc8 11. Ne5 Nxe5 12. Bxe5 Qd7 13. d4 c5 14. Qd3 dxc4 15. bxc4 Bxg2 16. Kxg2 Rfd8 17. e3 Qc6+ 18. Kg1 Ng4 19. Qe4 Qxe4 20. Nxe4 cxd4 21. Bxd4 Rxc4 22. Rac1 Rxc1 23. Rxc1 f5 24. Nc3 e5 25. h3 exd4 26. hxg4 dxc3 27. Rxc3 fxg4 28. Rc7 Bb4 29. Rxa7 Ba5 30. Re7 h5 31. Re5 g6 32. Re6 Kg7 33. a4 Rd1+ 34. Kg2 Rb1 35. f4 Rb4 36. f5 gxf5 37. Re5 Kf6 0-1

[Event "Nordic Girls CC 2025 U13"]
[Site "Fredericia"]
[Date "2025.04.27"]
[Round "4.2"]
[White "Lallukka, Eloisa"]
[Black "Ostafiev, Sara"]
[Result "1-0"]
[WhiteElo "1635"]
[BlackElo "1529"]
[EventDate "2025.04.25"]
[EventType "swiss"]
[EventRounds "5"]
[EventCountry "DEN"]
[SourceTitle "Live v. Kasper Jerwiarz"]

1. e4 e5 2. Nf3 Nc6 3. Bc4 Nf6 4. d3 Bc5 5. c3 d6 6. O-O Bg4 7. h3 Bh5 8. Nbd2 d5 9. exd5 Nxd5 10. Re1 O-O 11. Ne4 Bb6 12. Ng3 Bg6 13. Nxe5 Bxf2+ 14. Kxf2 Nxe5 15. Rxe5 Qf6+ 16. Qf3 Qxe5 17. Bxd5 c6 18. Bb3 Rad8 19. d4 Qb5 20. Be3 Rd6 21. Kg1 Rf6 22. Qd1 Re8 23. Qd2 a5 24. Rf1 a4 25. Bd1 Qd3 26. Qxd3 Bxd3 27. Rxf6 gxf6 28. Bd2 h6 29. Bxa4 Ra8 30. Bb3 b5 31. Bxh6 Bc4 32. Bxc4 bxc4 33. a3 Rb8 34. Bc1 Rd8 35. Ne4 Kg7 36. Nc5 Re8 37. Kf2 Kg6 38. Nb7 Re7 39. Na5 Re6 40. Nxc4 Kf5 41. Kf3 Re1 42. Be3 Rf1+ 43. Ke2 Rh1 44. Bd2 Rh2 45. Kf2 Rh1 46. Be1 Ke4 47. a4 Kd3 48. Ne3 f5 49. Nxf5 Kc4 50. Ng3 Rxe1 51. Kxe1 c5 52. dxc5 Kxc5 53. h4 Kb6 54. h5 Ka5 55. h6 Kxa4 56. h7 Kb3 57. h8=Q Kxb2 58. c4+ Kb3 59. c5 Kb4 60. c6 Kc5 61. c7 Kd6 62. c8=Q f5 63. Qxf5 Ke7 64. Qff6+ Kd7 65. Qh7+ Ke8 66. Qfh8# 1-0

[Event "Nordic Girls CC 2025 U13"]
[Site "Fredericia"]
[Date "2025.04.27"]
[Round "4.3"]
[White "Le, Ha Tran Dieu"]
[Black "Hagen, Frida Bjerregaard"]
[Result "0-1"]
[WhiteElo "1586"]
[BlackElo "1804"]
[EventDate "2025.04.25"]
[EventType "swiss"]
[EventRounds "5"]
[EventCountry "DEN"]
[SourceTitle "Live v. Kasper Jerwiarz"]

1. e4 e6 2. d4 d5 3. e5 c5 4. c3 Qb6 5. Nf3 Nc6 6. Bd3 cxd4 7. O-O Bd7 8. Re1 Bc5 9. b4 Bf8 10. a3 a6 11. Bc2 dxc3 12. Nxc3 Rc8 13. Bd2 Qc7 14. Rc1 Nge7 15. h3 Ng6 16. Qe2 Be7 17. Bb1 Qb6 18. Red1 O-O 19. Be3 Qc7 20. Re1 Ngxe5 21. Nxe5 Qxe5 22. Qc2 Qh5 23. Qd3 Ne5 24. Qd1 Qxd1 25. Rexd1 Nc4 26. Bd2 Bf6 27. Be1 Nb2 28. Ne2 Nxd1 29. Rxd1 Bb5 30. Bd3 Bxd3 31. Rxd3 Rc2 32. Rd2 Rfc8 33. Rxc2 Rxc2 34. Kf1 Ra2 35. f3 Rxa3 0-1

[Event "Nordic Girls CC 2025 U13"]
[Site "Fredericia"]
[Date "2025.04.27"]
[Round "4.4"]
[White "Berglindardottir, Emilia Embla B"]
[Black "Tomasdottir, Katrin Osk"]
[Result "1-0"]
[WhiteElo "1604"]
[BlackElo "1481"]
[EventDate "2025.04.25"]
[EventType "swiss"]
[EventRounds "5"]
[EventCountry "DEN"]
[SourceTitle "Live v. Kasper Jerwiarz"]

1. d4 d5 2. c4 c6 3. Nf3 Nf6 4. Nc3 Nbd7 5. Bg5 Qa5 6. Bd2 Qc7 7. e3 e6 8. Bd3 Bb4 9. a3 Bxc3 10. Bxc3 dxc4 11. Bxc4 b5 12. Bd3 Bb7 13. O-O O-O 14. Rc1 a6 15. e4 Rfd8 16. e5 Nd5 17. Bd2 Rac8 18. b4 h6 19. Nh4 Nf8 20. Qg4 Ne7 21. Bxh6 g6 22. Nf3 Nf5 23. Bg5 Rd7 24. Bxf5 exf5 25. Qh4 Nh7 26. Bf6 Nxf6 27. exf6 c5 28. Ng5 Rxd4 29. Qh7+ Kf8 30. Qh8# 1-0

[Event "Nordic Girls CC 2025 U13"]
[Site "Fredericia"]
[Date "2025.04.27"]
[Round "4.5"]
[White "Sinitsyna, Julia"]
[Black "Chen, Isabella"]
[Result "1-0"]
[WhiteElo "1436"]
[BlackElo "1597"]
[EventDate "2025.04.25"]
[EventType "swiss"]
[EventRounds "5"]
[EventCountry "DEN"]
[SourceTitle "Live v. Kasper Jerwiarz"]

1. c4 e5 2. Nc3 Nf6 3. g3 c6 4. Bg2 d5 5. cxd5 cxd5 6. e3 Nc6 7. d4 exd4 8. exd4 Bb4 9. Nge2 O-O 10. O-O Bf5 11. a3 Be7 12. Be3 Qd7 13. Nf4 Be6 14. Nxe6 fxe6 15. Re1 Ne8 16. Bh3 Nc7 17. Bf4 Bd6 18. Bxd6 Qxd6 19. Re3 Rf6 20. Na4 b6 21. Rc1 Nb5 22. Rd3 Raf8 23. Rc2 Rh6 24. Bg2 Rf5 25. Nc3 Nxc3 26. Rdxc3 Ne7 27. Qe2 e5 28. dxe5 Rxe5 29. Qd1 Qe6 30. Rc1 Re2 31. b4 Rf6 32. Rf3 Rxf3 33. Bxf3 Ra2 34. Qd3 Qe5 35. Kf1 Qg5 36. Re1 Kf8 37. h4 Qf6 38. Qe3 d4 39. Qd3 Ng6 40. Qc4 Qxf3 41. Qc8+ Kf7 42. Qe8+ Kf6 43. Qe6# 1-0

[Event "Nordic Girls CC 2025 U13"]
[Site "Fredericia"]
[Date "2025.04.27"]
[Round "4.6"]
[White "Karlsdottir, Harpa Hrafney"]
[Black "Harpsoe, Naya"]
[Result "1-0"]
[WhiteElo "1587"]
[BlackElo "1451"]
[EventDate "2025.04.25"]
[EventType "swiss"]
[EventRounds "5"]
[EventCountry "DEN"]
[SourceTitle "Live v. Kasper Jerwiarz"]

1. e4 c6 2. d4 d5 3. exd5 cxd5 4. Bd3 Nc6 5. c3 g6 6. Bf4 a6 7. Nd2 Bf5 8. Bxf5 gxf5 9. Ngf3 Bg7 10. O-O Nf6 11. Re1 Nd7 12. Re3 f6 13. Nh4 e6 14. Rxe6+ Ne7 15. Nxf5 Bf8 16. Bh6 Rg8 17. Bxf8 Kxf8 18. Nxe7 Rg7 19. Nxd5 f5 20. Qh5 Rf7 21. Nf3 Qa5 22. Ng5 Rg7 23. Nf6 Nxf6 24. Rxf6+ Ke7 25. Re1+ Kd7 26. Rf7+ Rxf7 27. Qxf7+ Kc6 28. Re6+ Kb5 29. Re5+ Ka4 30. Qc4+ Qb4 31. Qxb4# 1-0

[Event "Nordic Girls CC 2025 U13"]
[Site "Fredericia"]
[Date "2025.04.27"]
[Round "4.7"]
[White "Jonsdottir, Halldora"]
[Black "Zhong, Qianru"]
[Result "1/2-1/2"]
[WhiteElo "1490"]
[BlackElo "1590"]
[EventDate "2025.04.25"]
[EventType "swiss"]
[EventRounds "5"]
[EventCountry "DEN"]
[SourceTitle "Live v. Kasper Jerwiarz"]

1. e4 c5 2. Nf3 Nc6 3. d4 cxd4 4. Nxd4 Nf6 5. Nc3 e5 6. Ndb5 d6 7. Bg5 a6 8. Na3 b5 9. Nd5 Be7 10. Bxf6 Bxf6 11. c3 Bg5 12. Nc2 O-O 13. Be2 f5 14. exf5 Bxf5 15. Nce3 Be6 16. O-O Ne7 17. Bf3 Rb8 18. a4 Bd7 19. Bg4 Bxe3 20. Nxe3 Nf5 21. Nxf5 Bxf5 22. axb5 axb5 23. Qd5+ Kh8 24. Be2 Qd7 25. Ra5 Be6 26. Bxb5 Bxd5 27. Bxd7 Bc4 28. Rb1 Bd3 29. Rba1 Rxb2 30. Ra8 Rb1+ 31. Rxb1 Rxa8 32. Rd1 Ra7 33. f3 Rxd7 34. Rxd3 d5 35. Kf2 g5 36. Re3 Re7 37. Rd3 1/2-1/2

[Event "Nordic Girls CC 2025 U13"]
[Site "Fredericia"]
[Date "2025.04.27"]
[Round "4.8"]
[White "Sinding, Mille"]
[Black "Prokofieva, Alexandra"]
[Result "0-1"]
[WhiteElo "1500"]
[BlackElo "1425"]
[EventDate "2025.04.25"]
[EventType "swiss"]
[EventRounds "5"]
[EventCountry "DEN"]
[SourceTitle "Live v. Kasper Jerwiarz"]

1. d4 c6 2. Bf4 d5 3. Nf3 Bf5 4. e3 Nf6 5. Bd3 Qa5+ 6. c3 Be4 7. O-O Nbd7 8. Qe2 e6 9. Nbd2 Be7 10. Ng5 Bf5 11. e4 dxe4 12. Ndxe4 h6 13. Nf3 g5 14. Nd6+ Bxd6 15. Bxd6 Bxd3 16. Qxd3 Qd5 17. Bc7 Rc8 18. Bg3 Rg8 19. Ne5 h5 20. h3 Rd8 21. Nxd7 Rxd7 22. Be5 Qxe5 23. dxe5 Rxd3 24. exf6 Rd2 25. b3 Rg6 26. Kh2 Rxf6 27. f3 Rf5 28. c4 Re5 29. Rfd1 Rb2 30. Kg1 Ree2 31. g4 Rg2+ 32. Kf1 Rbf2+ 33. Ke1 Rxf3 34. Rac1 Rxh3 35. Kf1 Rxa2 36. Kg1 Rg3+ 37. Kf1 Rxg4 38. Rc3 Rh2 39. Rd6 Rgg2 40. Rcd3 Rb2 41. Rd8+ Ke7 42. R8d7+ Kf8 43. Rxb7 Rh1# 0-1

[Event "Nordic Girls CC 2025 U13"]
[Site "Fredericia"]
[Date "2025.04.27"]
[Round "4.9"]
[White "Larsen, Maja Harbo"]
[Black "Jensen, Melina Hjort Osterskov"]
[Result "1-0"]
[WhiteElo "1639"]
[BlackElo "1500"]
[EventDate "2025.04.25"]
[EventType "swiss"]
[EventRounds "5"]
[EventCountry "DEN"]
[SourceTitle "Live v. Kasper Jerwiarz"]

1. d4 d5 2. Nf3 Nc6 3. Bf4 Nf6 4. e3 Bf5 5. Bd3 Bxd3 6. Qxd3 e6 7. Nbd2 Bd6 8. Bg3 Bxg3 9. hxg3 Nb4 10. Qb5+ Nc6 11. Qxb7 Ne7 12. c3 Qb8 13. Qxb8+ Rxb8 14. Nb3 O-O 15. Ne5 c6 16. g4 Rbd8 17. Nc5 Rfe8 18. O-O-O Ne4 19. Nxe4 dxe4 20. Rh4 Ng6 21. Nxg6 fxg6 22. Rdh1 h6 23. g5 hxg5 24. Rxe4 Kf7 25. Rh3 Rh8 26. Rf3+ Ke7 27. Rg4 Rh5 28. e4 Rf8 29. Rxf8 Kxf8 30. f4 gxf4 31. Rxf4+ Ke7 32. Rg4 e5 33. Rxg6 exd4 34. cxd4 c5 35. Rxg7+ Ke6 36. Rxa7 cxd4 37. Ra6+ Ke7 38. Ra3 Rh1+ 39. Kc2 Rh2 40. Rd3 Rxg2+ 41. Rd2 Rxd2+ 42. Kxd2 Kd6 43. Kd3 Ke5 44. a4 1-0

[Event "Nordic Girls CC 2025 U13"]
[Site "Fredericia"]
[Date "2025.04.27"]
[Round "4.10"]
[White "Zhu, Stella"]
[Black "Skytte, Amanda"]
[Result "1-0"]
[WhiteElo "1448"]
[BlackElo "1335"]
[EventDate "2025.04.25"]
[EventType "swiss"]
[EventRounds "5"]
[EventCountry "DEN"]
[SourceTitle "Live v. Kasper Jerwiarz"]

1. d4 c6 2. c4 d5 3. cxd5 cxd5 4. Nc3 Nc6 5. Nf3 Nf6 6. Bf4 Bf5 7. e3 e6 8. Bb5 Be7 9. Rc1 O-O 10. O-O h6 11. Ne2 a6 12. Bxc6 bxc6 13. Rxc6 Qd7 14. Rc7 Qd8 15. Rc6 Qd7 16. Rc1 Bd6 17. Bxd6 Qxd6 18. Ne5 Ng4 19. Nxg4 Bxg4 20. Qd2 Qe7 21. Ng3 Qg5 22. Rc7 Qd8 23. Rfc1 Re8 24. h3 Bf5 25. Nxf5 exf5 26. Qe2 Qd6 27. R1c6 Qd8 28. Qf3 Qg5 29. Qxd5 Rf8 30. Rd6 Rac8 31. Rxc8 Rxc8 32. Rc6 Rxc6 33. Qxc6 Qd8 34. Qxa6 Qc7 35. b4 Qc1+ 36. Kh2 Qc7+ 37. g3 Qc2 38. Qa8+ Kh7 39. Kg2 Qc4 40. Qa5 Qc6+ 41. d5 Qe8 42. b5 Qe4+ 43. Kg1 Qb1+ 44. Kh2 Qc2 45. Qe1 Qxa2 46. e4 fxe4 47. Qxe4+ Kh8 48. Qe8+ Kh7 49. Qxf7 Kh8 50. b6 Qb3 51. b7 Kh7 52. Qf5+ Kh8 53. Qf8+ Kh7 54. b8=Q Qxb8 55. Qxb8 Kg6 56. d6 Kf6 57. d7 Kf5 58. d8=Q Ke6 59. Qbd6+ Kf5 60. Qa5+ Ke4 61. Qdb4+ Kd3 62. Qaa3+ Ke2 63. Qbb2+ Kf1 64. Qaa1# 1-0

[Event "Nordic Girls CC 2025 U13"]
[Site "Fredericia"]
[Date "2025.04.27"]
[Round "4.11"]
[White "Sigurdardottir, Sigrun Tara"]
[Black "Jensen, Helena Egilstrod"]
[Result "1-0"]
[WhiteElo "1421"]
[BlackElo "1331"]
[EventDate "2025.04.25"]
[EventType "swiss"]
[EventRounds "5"]
[EventCountry "DEN"]
[SourceTitle "Live v. Kasper Jerwiarz"]

1. d4 d5 2. Bf4 Nc6 3. Nf3 Bf5 4. c3 Nf6 5. e3 h6 6. h3 Be4 7. Nbd2 g5 8. Bg3 Qd7 9. Nxe4 dxe4 10. Nd2 O-O-O 11. Qc2 Qe6 12. b4 a6 13. a4 h5 14. b5 Na5 15. c4 h4 16. Bh2 b6 17. Qc3 Bg7 18. c5 Nd5 19. Qc1 Rh6 20. cxb6 Nxb6 21. Qxc7# 1-0

[Event "Nordic Girls CC 2025 U13"]
[Site "Fredericia"]
[Date "2025.04.27"]
[Round "4.12"]
[White "Andersen, Andrea Kildebjerg"]
[Black "Morkore, Natasja"]
[Result "1-0"]
[WhiteElo "1363"]
[BlackElo "1411"]
[EventDate "2025.04.25"]
[EventType "swiss"]
[EventRounds "5"]
[EventCountry "DEN"]
[SourceTitle "Live v. Kasper Jerwiarz"]

1. c4 e5 2. g3 Bc5 3. Bg2 d6 4. Nc3 a6 5. d3 Nc6 6. Bxc6+ bxc6 7. Nf3 Nf6 8. Bg5 Bg4 9. Qa4 Bd7 10. Bxf6 Qxf6 11. Ne4 Qe7 12. Nxc5 dxc5 13. O-O e4 14. Nd2 e3 15. Ne4 Bh3 16. Qxc6+ Qd7 17. Qxa8+ Qc8 18. Qxc8+ Bxc8 19. Nxc5 Bh3 20. Rfc1 exf2+ 21. Kxf2 O-O 22. Nxa6 c6 23. Nc5 Re8 24. a4 Bg4 25. Re1 Re5 26. d4 Rf5+ 27. Kg1 Rf6 28. a5 Rd6 29. a6 Rd8 30. a7 Ra8 31. d5 cxd5 32. cxd5 Kf8 33. d6 Ke8 34. d7+ Kd8 35. b4 Bxd7 36. Nxd7 Kxd7 37. Reb1 Kc7 38. b5 Kb7 39. Kf2 f5 40. Kf3 g5 41. g4 f4 42. e4 h6 43. e5 Kc7 44. e6 Kd8 45. b6 Kc8 46. e7 Kd7 47. b7 1-0

[Event "Nordic Girls CC 2025 U13"]
[Site "Fredericia"]
[Date "2025.04.27"]
[Round "4.13"]
[White "Vesterbaek, Mathilde Rath"]
[Black "Efimova, Paulina"]
[Result "1-0"]
[WhiteElo "1604"]
[BlackElo "1200"]
[EventDate "2025.04.25"]
[EventType "swiss"]
[EventRounds "5"]
[EventCountry "DEN"]
[SourceTitle "Live v. Kasper Jerwiarz"]

1. e4 c6 2. Nf3 d5 3. d3 dxe4 4. dxe4 Qxd1+ 5. Kxd1 Bg4 6. Be2 Nd7 7. Nbd2 e6 8. b3 Ne7 9. Bb2 Ng6 10. h3 Bxf3 11. Bxf3 e5 12. Nc4 Rd8 13. Ke1 Bb4+ 14. c3 Bc5 15. b4 Be7 16. Ne3 O-O 17. Nf5 Nb6 18. h4 Rfe8 19. Bc1 h6 20. g4 Nf8 21. g5 hxg5 22. h5 g6 23. hxg6 Nxg6 24. Nxe7+ Nxe7 25. Bxg5 Rd6 26. Ke2 Rg6 27. Rag1 Rg7 28. Bf6 Ng6 29. Bxg7 Kxg7 30. Bh5 Rh8 31. Bxg6 Rxh1 32. Rxh1 Kxg6 33. Kd3 Na4 34. c4 Nb2+ 35. Kc3 Na4+ 36. Kb3 Nb6 37. Rd1 Kf6 38. c5 Nc8 39. Rd7 b6 40. Rc7 Ne7 41. Rxa7 bxc5 42. bxc5 Ke6 43. a4 f5 44. exf5+ Nxf5 45. Kc4 e4 46. Kb4 Kd5 47. Rd7+ Ke5 48. a5 Nd4 49. Rxd4 Kxd4 50. a6 Kd3 51. a7 Ke2 52. a8=Q Kxf2 53. Qxc6 e3 54. Qe6 e2 55. c6 e1=Q+ 56. Qxe1+ Kxe1 57. c7 1-0

[Event "Nordic Girls CC 2025 U13"]
[Site "Fredericia"]
[Date "2025.04.27"]
[Round "4.14"]
[White "Hagen, Vilje Bjerregaard"]
[Black "Skibina, Miroslava"]
[Result "0-1"]
[WhiteElo "1200"]
[BlackElo "1427"]
[EventDate "2025.04.25"]
[EventType "swiss"]
[EventRounds "5"]
[EventCountry "DEN"]
[SourceTitle "Live v. Kasper Jerwiarz"]

1. e4 d5 2. exd5 Nf6 3. d4 Bg4 4. Be2 Bxe2 5. Nxe2 Nxd5 6. Nbc3 e6 7. O-O Nc6 8. Bd2 Bb4 9. a3 Nxc3 10. Nxc3 Bd6 11. Qc1 Nxd4 12. Be3 Be5 13. Bxd4 Bxd4 14. Ne2 Qd6 15. Nxd4 Qxd4 16. Rd1 Qb6 17. Qg5 Qxb2 18. h3 Qf6 19. Qd2 Rd8 20. Qc1 Ke7 21. Qb1 Rxd1+ 22. Qxd1 Rd8 23. Qb1 Rd5 24. Qb4+ Rd6 25. Rb1 b6 26. Qb5 Qf5 27. Qa6 Qxc2 28. Rb4 Qd3 29. Qxa7 Rd7 30. a4 c5 31. Qb8 cxb4 32. Qxb6 Qd1+ 33. Kh2 Qd6+ 34. Qxd6+ Rxd6 35. a5 b3 36. f3 b2 37. g4 b1=Q 38. Kg3 Qg1+ 39. Kh4 Rd5 40. g5 Qxg5# 0-1

[Event "Nordic Girls CC 2025 U13"]
[Site "Fredericia"]
[Date "2025.04.27"]
[Round "4.15"]
[White "Fleischer, Sofie Emilie Jilso"]
[Black "Chatleh, Leen"]
[Result "0-1"]
[WhiteElo "1200"]
[BlackElo "1205"]
[EventDate "2025.04.25"]
[EventType "swiss"]
[EventRounds "5"]
[EventCountry "DEN"]
[SourceTitle "Live v. Kasper Jerwiarz"]

1. e4 e5 2. Nc3 Nf6 3. d3 Nc6 4. Nf3 d5 5. exd5 Nxd5 6. Nxd5 Qxd5 7. Bd2 e4 8. Nh4 exd3 9. cxd3 Qc5 10. Be2 Nd4 11. Bf1 Nc2+ 12. Qxc2 Qxc2 13. Ke2 Qxb2 14. Re1 Bb4 15. Kf3+ Qxd2 16. Kg4+ Qxe1+ 17. Kh3 O-O+ 18. g4 b6 19. f3 Bb7 20. Bg2 Qf2 21. Re1 Qxe1 22. a4 Be7 23. Nf5 g6 24. Nh4 Qxh4# 0-1

[Event "Nordic Girls CC 2025 U13"]
[Site "Fredericia"]
[Date "2025.04.27"]
[Round "5.1"]
[White "Xin, Lisa J"]
[Black "Lallukka, Eloisa"]
[Result "1/2-1/2"]
[WhiteElo "1562"]
[BlackElo "1635"]
[EventDate "2025.04.25"]
[EventType "swiss"]
[EventRounds "5"]
[EventCountry "DEN"]
[SourceTitle "Live v. Kasper Jerwiarz"]

1. d4 d5 2. Nf3 Nf6 3. e3 e6 4. Bd3 c5 5. b3 Nc6 6. Bb2 Be7 7. a3 O-O 8. Nbd2 cxd4 9. exd4 b6 10. O-O Bb7 11. Qe2 Bd6 12. Ne5 Qc7 13. f4 Bxe5 14. fxe5 Ne8 15. a4 f5 16. exf6 Nxf6 17. Qxe6+ Qf7 18. Qxf7+ Rxf7 19. Rae1 Re7 20. Rxe7 Nxe7 21. Nf3 1/2-1/2

[Event "Nordic Girls CC 2025 U13"]
[Site "Fredericia"]
[Date "2025.04.27"]
[Round "5.2"]
[White "Hagen, Frida Bjerregaard"]
[Black "Sinitsyna, Julia"]
[Result "1-0"]
[WhiteElo "1804"]
[BlackElo "1436"]
[EventDate "2025.04.25"]
[EventType "swiss"]
[EventRounds "5"]
[EventCountry "DEN"]
[SourceTitle "Live v. Kasper Jerwiarz"]

1. e4 c6 2. d4 d5 3. exd5 cxd5 4. Bd3 Nf6 5. h3 Bd7 6. Nf3 e6 7. O-O Bd6 8. c3 O-O 9. Nbd2 Nc6 10. Nb3 h6 11. Be3 Rc8 12. Re1 Re8 13. Bf1 Ne4 14. Nc1 a6 15. Nd3 Qf6 16. Nd2 Nxd2 17. Qxd2 Na5 18. Rad1 Nc4 19. Qe2 Nxe3 20. Qxe3 Bb5 21. Ne5 Bxf1 22. Rxf1 Bxe5 23. dxe5 Qe7 24. Rd4 Rc4 25. Rfd1 Rec8 26. Qg3 Qd7 27. Rg4 Rxg4 28. Qxg4 Rc4 29. Qxc4 dxc4 30. Rxd7 b5 31. Ra7 Kh7 32. Rxf7 Kg6 33. Ra7 Kf5 34. Rxa6 Kxe5 35. f3 Kd5 36. Kf2 g5 37. Ke3 e5 38. Rxh6 g4 39. hxg4 Kc5 40. g5 b4 41. cxb4+ Kxb4 42. g6 e4 43. g7 exf3 44. g8=Q fxg2 45. Qb8+ Kc5 46. Qb6+ Kd5 47. Qd4# 1-0

[Event "Nordic Girls CC 2025 U13"]
[Site "Fredericia"]
[Date "2025.04.27"]
[Round "5.3"]
[White "Jacobsen, Ane Elisabeth"]
[Black "Berglindardottir, Emilia Embla B"]
[Result "1/2-1/2"]
[WhiteElo "1544"]
[BlackElo "1604"]
[EventDate "2025.04.25"]
[EventType "swiss"]
[EventRounds "5"]
[EventCountry "DEN"]
[SourceTitle "Live v. Kasper Jerwiarz"]

1. c4 d6 2. Nc3 Nf6 3. g3 g6 4. Bg2 Bg7 5. d3 O-O 6. Nf3 e5 7. O-O Nc6 8. e4 h6 9. Be3 Ng4 10. h3 Nxe3 11. fxe3 Be6 12. Qe2 Ne7 13. d4 c6 14. Rad1 Qc7 15. d5 Bd7 16. Kh2 c5 17. Nd2 Rab8 18. Rf2 a6 19. a4 Qa5 20. Ra1 b5 21. Qd1 b4 22. Ne2 f5 23. Nb3 Qd8 24. exf5 Nxf5 25. Qd3 h5 26. Raf1 Bxa4 27. Nd2 Be8 28. Be4 Ne7 29. Rxf8+ Bxf8 30. h4 Qd7 31. b3 Bg7 32. Bg2 Bf7 33. Bh3 Qc7 34. Ne4 Bh6 35. Nf6+ Kg7 36. Qe4 Rf8 37. Qf3 Qd8 38. Ne4 Ng8 39. Qf2 Kh7 40. Ra1 Bxd5 41. Qg2 Bxe4 42. Qxe4 Rf2+ 43. Kg1 Rxe2 44. Rxa6 Rxe3 45. Ra7+ Ne7 46. Qd5 Qf8 47. Qxd6 Re1+ 48. Kh2 Qf2+ 49. Bg2 Bf8 50. Rxe7+ Bxe7 51. Qxe7+ Kg8 52. Qd8+ Kg7 53. Qe7+ Qf7 54. Qxc5 e4 55. Qxb4 Re2 56. Qc3+ Qf6 57. Qb4 Qf3 58. Qe7+ Qf7 59. Qe5+ Kh7 60. c5 Qxb3 61. Qe7+ Kg8 62. Qe8+ Kg7 63. c6 Rxg2+ 64. Kxg2 Qf3+ 65. Kh2 Qf2+ 66. Kh3 Qf5+ 67. Kg2 Qf3+ 68. Kh2 Qf2+ 69. Kh3 Qf5+ 70. Kg2 Qf3+ 71. Kh2 Qf2+ 1/2-1/2

[Event "Nordic Girls CC 2025 U13"]
[Site "Fredericia"]
[Date "2025.04.27"]
[Round "5.4"]
[White "Ostafiev, Sara"]
[Black "Karlsdottir, Harpa Hrafney"]
[Result "1-0"]
[WhiteElo "1529"]
[BlackElo "1587"]
[EventDate "2025.04.25"]
[EventType "swiss"]
[EventRounds "5"]
[EventCountry "DEN"]
[SourceTitle "Live v. Kasper Jerwiarz"]

1. e4 e5 2. Nf3 Nc6 3. Bc4 Bc5 4. Nc3 d6 5. d3 Nf6 6. Bg5 h6 7. Bh4 g5 8. Bg3 a6 9. Nd2 Qe7 10. h4 g4 11. f3 h5 12. Nb3 Ba7 13. Rf1 Nd4 14. fxg4 Nxg4 15. Bxf7+ Kd8 16. Qd2 Ne3 17. Nd5 Nxd5 18. Bxd5 c6 19. Rf7 Qe8 20. Qg5+ Qe7 21. Qxe7# 1-0

[Event "Nordic Girls CC 2025 U13"]
[Site "Fredericia"]
[Date "2025.04.27"]
[Round "5.5"]
[White "Zhong, Qianru"]
[Black "Le, Ha Tran Dieu"]
[Result "0-1"]
[WhiteElo "1590"]
[BlackElo "1586"]
[EventDate "2025.04.25"]
[EventType "swiss"]
[EventRounds "5"]
[EventCountry "DEN"]
[SourceTitle "Live v. Kasper Jerwiarz"]

1. d4 d5 2. c4 c6 3. Nf3 Nf6 4. Nc3 dxc4 5. a4 Bf5 6. e3 e6 7. Bxc4 Bb4 8. O-O O-O 9. Qe2 Nbd7 10. h3 Qa5 11. Bd2 Rfe8 12. Bd3 Rad8 13. Bxf5 exf5 14. Qd1 c5 15. Ne2 Ne4 16. Bxb4 Qxb4 17. b3 cxd4 18. Nexd4 Ndc5 19. Qe1 Qxe1 20. Rfxe1 g6 21. Re2 Ne6 22. Rc1 Nxd4 23. Nxd4 f4 24. Nb5 Nd2 25. b4 Re5 26. Rc2 Nf3+ 27. gxf3 Rd1+ 28. Kh2 Rg5 29. h4 Rgg1 30. Kh3 h5 0-1

[Event "Nordic Girls CC 2025 U13"]
[Site "Fredericia"]
[Date "2025.04.27"]
[Round "5.6"]
[White "Tomasdottir, Katrin Osk"]
[Black "Jonsdottir, Halldora"]
[Result "0-1"]
[WhiteElo "1481"]
[BlackElo "1490"]
[EventDate "2025.04.25"]
[EventType "swiss"]
[EventRounds "5"]
[EventCountry "DEN"]
[SourceTitle "Live v. Kasper Jerwiarz"]

1. d4 d5 2. c4 e6 3. Nc3 Nf6 4. Bg5 Be7 5. Nf3 h6 6. Bxf6 Bxf6 7. e3 O-O 8. cxd5 exd5 9. Bd3 Be6 10. O-O Nc6 11. a3 a6 12. Bc2 Ne7 13. Qd3 Bf5 14. Qd2 Bxc2 15. Qxc2 Re8 16. Rac1 b5 17. Rfd1 Qd6 18. a4 c6 19. e4 Rec8 20. e5 Qe6 21. exf6 Qxf6 22. Qe2 Ng6 23. axb5 axb5 24. Ne5 Nf4 25. Qf3 Qg5 26. Qg4 Qxg4 27. Nxg4 b4 28. g3 bxc3 29. gxf4 cxb2 30. Rb1 Rcb8 31. Ne5 Rb6 32. Nd7 Rb7 33. Nc5 Rb6 34. Nd3 Ra2 35. Kf1 Kf8 36. Re1 Rb3 37. Ke2 Ke7 38. Kd2+ Kf6 39. Kc2 Rb8 40. Rxb2 Rbxb2+ 41. Nxb2 Ra7 42. Nd3 Ra4 43. Kc3 Ra3+ 44. Kd2 Ra7 45. Ne5 Ra6 46. Rg1 h5 47. Nd7+ Ke7 48. Nc5 Ra2+ 49. Ke3 Ra3+ 50. Ke2 g6 51. f5 Ra2+ 52. Ke3 Ra3+ 53. Kf4 gxf5 54. Kxf5 Rf3+ 55. Kg5 Rxf2 56. h4 Rd2 57. Kxh5 Rxd4 58. Kg5 Rc4 59. Nd3 f6+ 60. Kh5 Rd4 61. Nc5 Rc4 62. Re1+ Kd6 63. Nb7+ Kd7 64. Rg1 d4 65. Rd1 c5 66. Kg6 Kc7 67. Na5 Rc3 68. h5 Kb6 69. h6 Kxa5 70. h7 Rh3 71. Kg7 Rg3+ 72. Kxf6 Rh3 73. Kg7 Rg3+ 74. Kh8 d3 75. Ra1+ Kb4 76. Rb1+ Ka3 77. Rc1 d2 78. Rd1 Rg2 79. Rg1 Rh2 80. Kg7 Rxh7+ 81. Kxh7 Kb2 82. Rg2 Kc1 83. Rg1+ d1=Q 84. Rxd1+ Kxd1 85. Kg6 c4 86. Kf5 c3 87. Ke4 c2 88. Kd3 c1=Q 0-1

[Event "Nordic Girls CC 2025 U13"]
[Site "Fredericia"]
[Date "2025.04.27"]
[Round "5.7"]
[White "Harpsoe, Naya"]
[Black "Larsen, Maja Harbo"]
[Result "1/2-1/2"]
[WhiteElo "1451"]
[BlackElo "1639"]
[EventDate "2025.04.25"]
[EventType "swiss"]
[EventRounds "5"]
[EventCountry "DEN"]
[SourceTitle "Live v. Kasper Jerwiarz"]

1. e4 c6 2. d4 d5 3. exd5 cxd5 4. Bd3 Nf6 5. h3 Nc6 6. c3 g6 7. Nf3 Bg7 8. O-O Bf5 9. Re1 e6 10. Bf4 O-O 11. Bf1 Re8 12. Nbd2 Qb6 13. Qc1 Rac8 14. Nb3 Nb4 15. Rd1 Nxa2 16. Rxa2 Qxb3 17. Rxa7 Be4 18. Nd2 Qb6 19. Ra3 Nh5 20. Be3 Qd6 21. f3 Bf5 22. g4 Bxg4 23. fxg4 Nf6 24. Nf3 Ne4 25. Bh6 Qg3+ 26. Bg2 Qf2+ 27. Kh2 Qg3+ 28. Kg1 Qf2+ 29. Kh2 Qg3+ 1/2-1/2

[Event "Nordic Girls CC 2025 U13"]
[Site "Fredericia"]
[Date "2025.04.27"]
[Round "5.8"]
[White "Chen, Isabella"]
[Black "Sigurdardottir, Sigrun Tara"]
[Result "1-0"]
[WhiteElo "1597"]
[BlackElo "1421"]
[EventDate "2025.04.25"]
[EventType "swiss"]
[EventRounds "5"]
[EventCountry "DEN"]
[SourceTitle "Live v. Kasper Jerwiarz"]

1. e4 e6 2. Nf3 d5 3. exd5 exd5 4. d4 Nf6 5. c4 c6 6. Nc3 Be7 7. Bd3 Be6 8. c5 h6 9. Bf4 b6 10. b4 Nbd7 11. h3 Qc8 12. Qe2 O-O 13. O-O Re8 14. Ba6 Qd8 15. Bb7 a5 16. Bxa8 Qxa8 17. a3 Qa7 18. Ne5 Nxe5 19. Bxe5 Ra8 20. Ra2 Qb7 21. Rb1 b5 22. a4 Ne4 23. Nxe4 dxe4 24. Raa1 Bd5 25. axb5 axb4 26. Rxa8+ Qxa8 27. bxc6 Qxc6 28. Rxb4 Qg6 29. Qg4 Qxg4 30. hxg4 f6 31. Bd6 Kf7 32. Bxe7 Kxe7 33. Kf1 Kd7 34. Ke2 Ke6 35. Ke3 Kd7 36. f3 exf3 37. gxf3 Ke6 38. Ra4 Kf7 39. Ra7+ Kg6 40. Kf4 Bc6 41. Rc7 Bd5 42. c6 Be6 43. Re7 Bc8 44. c7 Ba6 45. d5 f5 46. Re6+ Kf7 47. Rxa6 1-0